000 00507nam a2200169Ia 4500
001 61200
008 161230n ii |||gr||||Z||||||297
082 _a892.73
100 _aShanavas, C. M.,
_eAuthor.
245 0 _aNarajeel for students :
_bjokes, stories, poems & quiz for H.S & H.S.S /
_cby C.M. Shnavas .
_hTextual Documents
260 _aTamilnadu:
_bDarul Adeeb.
300 _a29p:
_c17cm.
653 _aArabic
653 _aArabic stories, jokes, poems, quiz
653 _aG-Arabic
942 _2ddc
_cBK
999 _c62311
_d62311